THEORY AND PROBLEM OF DISCRETE MATHEMATICS (Record no. 1253)

MARC details
000 -LEADER
fixed length control field 00409nam a22001577a 4500
005 - DATE AND TIME OF LATEST TRANSACTION
control field 20240614103857.0
008 - FIXED-LENGTH DATA ELEMENTS--GENERAL INFORMATION
fixed length control field 160521b xxu||||| |||| 00| 0 eng d
020 ## - INTERNATIONAL STANDARD BOOK NUMBER
ISBN 981-254-268-X
041 ## - LANGUAGE CODE
Language code of text/sound track or separate title eng
082 ## - DEWEY DECIMAL CLASSIFICATION NUMBER
Item number 3664
Classification number 512.5
100 ## - MAIN ENTRY--AUTHOR NAME
Personal name LIPSCHUTZ SEYMOUR LIPSON MARC LARS
245 ## - TITLE STATEMENT
Title THEORY AND PROBLEM OF DISCRETE MATHEMATICS
260 ## - PUBLICATION, DISTRIBUTION, ETC. (IMPRINT)
Place of publication AUSTRALIA
Name of publisher THOMSON
Year of publication 2004
300 ## - PHYSICAL DESCRIPTION
Number of Pages 418
942 ## - ADDED ENTRY ELEMENTS (KOHA)
Koha item type Books
Holdings
Lost status Damaged status Collection code Home library Current library Shelving location Date acquired Full call number Accession Number Koha item type
    CS/IT JRU Library JRU Library SHELF-57-C 21/05/2016 512.5 3664 Books